| 000 | 00797cab a22002055a 4500 | ||
|---|---|---|---|
| 001 | L148773 | ||
| 008 | 091109e20091016xxk0 f 000 0 eng d | ||
| 035 | _a(Sirsi) u148773 | ||
| 041 | 0 | _aeng | |
| 100 | 1 | _aChesters, Laura | |
| 245 | 0 | 0 | _aLast of the big spenders |
| 260 | _c2009 | ||
| 490 | 0 |
_aProperty Week _v75(42) 16 October 2009, 31-33(4) |
|
| 520 | _aFour UK shopping centre developments begun during the boom are set to open in the worst retail slump of recent years. How will Hammerson's Aberdeen Union Square, Cardiff's St David?s 2, Bath?s Southgate and Glasgow?s St Enoch schemes fare? | ||
| 590 | _aKA | ||
| 651 | 4 |
_aUnited Kingdom _y |
|
| 690 | _aPROPERTY-COMMERCIAL PROPERTY-COMMERCIAL PROPERTY MARKET | ||
| 690 | _aPROPERTY-COMMERCIAL PROPERTY-RETAIL PROPERTY | ||
| 942 | _n0 | ||
| 999 |
_c81950 _d81950 |
||